| 000 | 00832nam a22003137a 4500 | ||
|---|---|---|---|
| 001 | BR0805569 | ||
| 003 | BR-BrBNA | ||
| 005 | 20230928102703.0 | ||
| 007 | ta | ||
| 008 | 230509b bl.||||| |||| 00| 0 por d | ||
| 040 |
_aBR-BrBNA _bpor _cBiblioteca Nacional de Agricultura |
||
| 041 | _a(Por) | ||
| 072 |
_aF04 _b3840 |
||
| 090 | _ 3840 BR0805569 | ||
| 100 | 1 | _aGuilherme, M.R. | |
| 245 | 1 | _aFertilizante mineral+S; Ca + Mg + S características e eficiência | |
| 250 | 1 | _a2. ed. | |
| 260 | 3 |
_aSorocaba, SP (Brasil): _c1985. |
|
| 300 | _a49 p. | ||
| 500 | _a32 ref.; 26 illus.; 12 tables | ||
| 650 | _aFERTILIZANTE | ||
| 650 | _aCÁLCIO | ||
| 650 | _aMAGNÉSIO | ||
| 650 | _aENXOFRE | ||
| 650 | _aEXIGÊNCIA NUTRICIONAL | ||
| 650 | _aFERTILIDADE DO SOLO | ||
| 909 |
_a202309 _bLucia _c55 _dLucia Elande |
||
| 942 | _cBK | ||
| 999 |
_c72038 _d72038 |
||